| 000 | 00395nam a2200169Ia 4500 | ||
|---|---|---|---|
| 003 | OSt | ||
| 005 | 20240302101849.0 | ||
| 008 | 170619s9999 xx 000 0 und d | ||
| 020 | _a9780070619852 | ||
| 040 | _cIIMT ENGINEERING COLLEGE | ||
| 100 | _aHuges- Bob | ||
| 245 | 0 | _aSoftware Project Management | |
| 260 | _bNew Delhi: TMH | ||
| 260 | _c1999 | ||
| 546 | _aENGLISH | ||
| 942 |
_2ddc _c01 |
||
| 999 |
_c16885 _d16885 |
||